<?xml version="1.0" encoding="UTF-8"?>
<collection xmlns="http://www.loc.gov/MARC21/slim">
 <record>
  <leader>01197nab#a2200301#ar4500</leader>
  <controlfield tag="001">000063243</controlfield>
  <controlfield tag="003">SVKKK</controlfield>
  <controlfield tag="005">19970211xxxxxxx.</controlfield>
  <controlfield tag="008">06    c        xo                  huno </controlfield>
  <datafield tag="FMT" ind1=" " ind2=" "/>
  <datafield tag="038" ind1=" " ind2=" ">
   <subfield code="a">SVKKK</subfield>
  </datafield>
  <datafield tag="040" ind1=" " ind2=" ">
   <subfield code="a">SVKKK</subfield>
   <subfield code="b">slo</subfield>
   <subfield code="e">AACR2</subfield>
  </datafield>
  <datafield tag="041" ind1="0" ind2=" ">
   <subfield code="a">hun</subfield>
  </datafield>
  <datafield tag="044" ind1=" " ind2=" ">
   <subfield code="a">xo</subfield>
   <subfield code="c">SK</subfield>
  </datafield>
  <datafield tag="080" ind1=" " ind2=" ">
   <subfield code="a">793</subfield>
  </datafield>
  <datafield tag="100" ind1="0" ind2=" ">
   <subfield code="a">Mephiszto</subfield>
   <subfield code="4">aut</subfield>
  </datafield>
  <datafield tag="242" ind1="1" ind2="0">
   <subfield code="a">O slávnosti na ľade</subfield>
  </datafield>
  <datafield tag="245" ind1="1" ind2="0">
   <subfield code="a">A jégünnepélyről</subfield>
   <subfield code="c">Mephiszto</subfield>
  </datafield>
  <datafield tag="520" ind1="2" ind2=" ">
   <subfield code="a">Slávnosť na ľade - karneval, patril mezdi nanákladnejšie zábavy v meste. Mal obrovskú odozvu medzi obyvateľstvom. [Organizátorom bola Krasokorčuliarska spoločnosť na čele s Fridrichom (Frigyesom) Markóm]. Ďalej účinkovali Lili Badinyi, Lenka (Lenke) Törköly, Karol (Károly) Schablik, Ján (János) Boleska a ďalší.</subfield>
  </datafield>
  <datafield tag="650" ind1="0" ind2="4">
   <subfield code="a">zábavy spoločenské - karneval na ľade - Rožňava - [22.01.1905] - Palócz, Koloman (dirigent orchestrálny) - Markó, Fridrich (organizátor hlavný) - hodnotenie kladné - referáty</subfield>
  </datafield>
  <datafield tag="773" ind1="0" ind2=" ">
   <subfield code="t">Sajó-Vidék : Vegyestartalmú hetilap</subfield>
   <subfield code="g">Roč. 8, č. 5 (27.01.1905) s. 2</subfield>
  </datafield>
  <datafield tag="957" ind1=" " ind2=" ">
   <subfield code="a">Rožňava</subfield>
  </datafield>
  <datafield tag="958" ind1=" " ind2=" ">
   <subfield code="a">DG</subfield>
  </datafield>
  <datafield tag="958" ind1=" " ind2=" ">
   <subfield code="a">SK</subfield>
  </datafield>
  <datafield tag="974" ind1=" " ind2=" ">
   <subfield code="a">ebl</subfield>
   <subfield code="d">19970211</subfield>
  </datafield>
  <datafield tag="992" ind1=" " ind2=" ">
   <subfield code="a">RBX</subfield>
  </datafield>
  <datafield tag="BAS" ind1=" " ind2=" "/>
  <datafield tag="998" ind1=" " ind2=" ">
   <subfield code="a">RETRO</subfield>
  </datafield>
 </record>
</collection>
